| 000 | 00370nam a22001217a 4500 | ||
|---|---|---|---|
| 008 | 230606b xxu||||| |||| 00| 0 eng d | ||
| 020 | _a9966957960 | ||
| 082 |
_a337.1676 _bEAC |
||
| 245 |
_aThe East African CommunityTreat: Its Impact on Kenya _bReporting International Treaties |
||
| 260 |
_aKenya _bFriedrich Ebert Stiftung (FES) _c2002 |
||
| 300 | _a22 p | ||
| 942 |
_2ddc _cBK |
||
| 999 |
_c615 _d615 |
||